000
00341pab a2200145 454500
008
180718b2004 xxu||||| |||| 00| 0 eng d
100
_a
Gattung, Johan
245
_a
Imagining global democracy
260
_c
2004
300
_a
p.1073-079.
362
_a
Nov
650
_a
Globalization
773
_a
Development and Change
909
_a
64014
999
_c
64014
_d
64014